| 000 | 00769nam0a22002411 4500 | ||
|---|---|---|---|
| 001 | rc\4096348 | ||
| 005 | 20260406074745.0 | ||
| 021 |
_aRU _b[52-19843] |
||
| 035 | _a(NLR Aleph) 007973106 | ||
| 090 |
_a8472235 _c8472235 |
||
| 100 | _a20130415d1952 |||y0rusy50 ca | ||
| 101 | 1 |
_arus _carm |
|
| 102 | _aRU | ||
| 105 | _ac z |||a| | ||
| 200 | 1 |
_aЗдравствуйте друзья _eСтихи _eПер. с арм. |
|
| 210 |
_aЕреван _cАйпетрат _d1952 |
||
| 215 |
_a160 с., 1 л. портр. _d17 |
||
| 700 | 1 |
_4070 _8rus _7ca _aКапутикян _bС. Б. _gСильва Барунаковна _f1919-2006 _3RU\NLR\AUTH\7735585 _918582 |
|
| 801 | 0 |
_aRU _bNLR _gpsbo |
|
| 801 | 1 |
_aRU _bELAR _2rusmarc |
|
| 852 |
_aNLR _jЛ40 Г-1/748 |
||
| 942 | _cBOOK | ||
| 980 | _aNB | ||